000 00649nab a2200181 4500
001 244442
003 OSt
005 20260114093414.0
007 tu
008 260114s2020|||||||
040 _aDE-2950
_cDE-2950
245 0 0 _aKritik einer Ex-Spielerin
_bHandball. Der Frankfurter HV ist Tabellenletzter der 3. Liga Nord. Beatrice Zacharias spricht über die Gründe für ihren Abschied und findet deutliche Worte für den Zustand des Vereins/
_cHubertus Rößler
264 _c2025
653 _aFrankfurt (Oder)
653 _aFHC
773 0 _g37. Jahrgang (2026) Nr. 2 vom 03.01.2026 , S. 23 mit Foto
_tMärkische Oderzeitung
942 _2z
_cA
999 _c374190
_d374190